Aké potraviny chce spotrebiteľ?

Vstup do EÚ okrem iného vyvolal aj obavu, či sa zachová tradičná vysoká kvalita potravín. Nároky na potraviny sú prísne. Označovanie potravín. Niektoré charakteristiky potravín. Potraviny vo vývoji. Rozhodujúce je zdravie a pôžitok.

Salvato in:
Dettagli Bibliografici
Autore principale: Šramková, Katarína
Natura: Capitolo di libro
Lingua:slovacco
Soggetti:
Tags: Aggiungi Tag
Nessun Tag, puoi essere il primo ad aggiungerne!!

MARC

LEADER 00000naa$a2200000$$$4500
001 0008475
005 20231005104323.5
041 0 |a slo 
044 |a SK 
245 1 0 |a Aké potraviny chce spotrebiteľ?  |c aut. Katarína Šramková 
520 |a Vstup do EÚ okrem iného vyvolal aj obavu, či sa zachová tradičná vysoká kvalita potravín. Nároky na potraviny sú prísne. Označovanie potravín. Niektoré charakteristiky potravín. Potraviny vo vývoji. Rozhodujúce je zdravie a pôžitok. 
610 2 0 |a potraviny 
610 2 0 |a kvalita 
610 2 0 |a označovanie tovarov 
610 2 0 |a vývoj 
610 2 0 |a zdravie 
100 1 |a Šramková, Katarína